| 000 | 00435nam a2200145Ia 4500 | ||
|---|---|---|---|
| 008 | 230917s9999||||xx |||||||||||||| ||und|| | ||
| 040 |
_e69831 _aMAIN |
||
| 041 | _aEnglish | ||
| 082 | _a574.07 M344B | ||
| 100 | _aMarler, P, ed | ||
| 245 | 4 | _aThe biology of learning: report of the dahlem workshop on the biology of learning Berlin 1983, October 23-28 | |
| 260 |
_aBerlin _bSpringer-verlag _c1984 |
||
| 300 | _ax, 738 p. | ||
| 942 | _cBK | ||
| 999 |
_c43407 _d43407 |
||